| 000 | 00551nam a22002057a 4500 | ||
|---|---|---|---|
| 003 | OSt | ||
| 005 | 20161206144824.0 | ||
| 008 | 161205b xxu||||| |||| 00| 0 eng d | ||
| 020 | _a0521621968 | ||
| 040 | _cDDC. | ||
| 082 | _a530 PER 2000. | ||
| 100 |
_aPerkins,H.Donald; _911345 |
||
| 245 | _aIntroduction to High energy Physics; | ||
| 250 | _a4th ed | ||
| 260 |
_aUk; _bCambridge University Press, _c2000. |
||
| 300 |
_axiii,426p; _bill; _c23cm. |
||
| 504 | _aincludes bibliography and index | ||
| 650 |
_aPhysics. _9809 |
||
| 942 |
_2ddc _cO_SHELF |
||
| 999 |
_c5429 _d5429 |
||